[Event "HUN-chT2 Toth 1718"]
[Site "Hungary"]
[Date "2018.02.18"]
[Round "8.11"]
[White "Hideg, Gergo Benedek"]
[Black "Godollei, Zsombor"]
[Result "0-1"]
[WhiteElo "1343"]
[BlackElo "1642"]
[PlyCount "106"]
[EventDate "2017.09.24"]
[EventType "team-tourn"]
[EventRounds "11"]
[EventCountry "HUN"]
[SourceTitle "EXT 2021"]
[Source "ChessBase"]
[SourceDate "2020.10.23"]
[SourceVersion "1"]
[SourceVersionDate "2020.10.23"]
[SourceQuality "1"]
[WhiteTeam "Felegyhaza Csongrad"]
[BlackTeam "Ujszasz"]
[WhiteTeamCountry "HUN"]
[BlackTeamCountry "HUN"]

1. d4 d5 2. Bf4 Nf6 3. e3 e6 4. Bd3 Be7 5. h3 Nbd7 6. c3 0-0 7. Nf3 b6 8. 0-0 Bb7 9. Nbd2 c5 10. Re1 Ne4 11. Bc2 f5 12. Ne5 Nxe5 13. Bxe5 Bd6 14. Bxd6 Qxd6 15. f3 Nxd2 16. Qxd2 Rae8 17. e4 fxe4 18. fxe4 dxe4 19. Bxe4 Bxe4 20. Rxe4 Rd8 21. Qe3 Rf6 22. dxc5 Qxc5 23. Qxc5 bxc5 24. Re2 Kf7 25. Rf1 Ke7 26. Rxf6 gxf6 27. Kf2 e5 28. Ke3 f5 29. g3 h5 30. Rf2 Ke6 31. b4 e4 32. Kf4 Rd3 33. bxc5 Rxc3 34. c6 Rxc6 35. g4 hxg4 36. hxg4 fxg4 37. Kxe4 Rc4+ 38. Ke3 Ke5 39. Rf7 Rc3+ 40. Kd2 Ra3 41. Rg7 Kf4 42. Rf7+ Kg3 43. Ke1 Rxa2 44. Kf1 a5 45. Rf5 a4 46. Rb5 a3 47. Rb3+ Kh4 48. Kg1 g3 49. Rb8 Rb2 50. Rh8+ Kg5 51. Rg8+ Kf6 52. Rxg3 a2 53. Ra3 Rb1+ 0-1

[Event "HUN-chT2 Toth 1718"]
[Site "Hungary"]
[Date "2018.01.28"]
[Round "7.11"]
[White "Godollei, Zsombor"]
[Black "Illes, David Mark"]
[Result "1/2-1/2"]
[WhiteElo "1642"]
[BlackElo "1790"]
[PlyCount "93"]
[EventDate "2017.09.24"]
[EventType "team-tourn"]
[EventRounds "11"]
[EventCountry "HUN"]
[SourceTitle "EXT 2021"]
[Source "ChessBase"]
[SourceDate "2020.10.23"]
[SourceVersion "1"]
[SourceVersionDate "2020.10.23"]
[SourceQuality "1"]
[WhiteTeam "Ujszasz"]
[BlackTeam "Karcag"]
[WhiteTeamCountry "HUN"]
[BlackTeamCountry "HUN"]

1. e4 c5 2. Nf3 e6 3. d4 cxd4 4. Nxd4 Nc6 5. c4 Nf6 6. Nc3 Bb4 7. f3 h6 8. Be3 0-0 9. a3 Bxc3+ 10. bxc3 d5 11. Nxc6 bxc6 12. e5 Nd7 13. f4 Qa5 14. Qc2 Ba6 15. cxd5 cxd5 16. Bd3 Bxd3 17. Qxd3 Rfc8 18. Kd2 Nc5 19. Bxc5 Qxc5 20. Qd4 Qxd4+ 21. cxd4 Rc4 22. Kd3 Rac8 23. Rhd1 Rc3+ 24. Ke2 R8c4 25. Ra2 Rb3 26. Rd3 Rb1 27. Rad2 Kf8 28. Rd1 Rb5 29. R1d2 Ke7 30. Rg3 g6 31. Re3 Kd7 32. Kf3 Rb1 33. Rdd3 a6 34. Kf2 Kc6 35. g4 a5 36. f5 Rc2+ 37. Kg3 Rg1+ 38. Kh3 Rf2 39. fxg6 fxg6 40. Rf3 Rgf1 41. Rxf2 Rxf2 42. Rc3+ Kd7 43. Rb3 Rd2 44. Rb7+ Kd8 45. Rb6 Kd7 46. Rb7+ Kd8 47. Rb6 1/2-1/2